LEADER 01152nam a2200277 i 4500 001 000000152688 003 CaOOAMICUS 005 20060829000000.0 008 060829s1964 it u000 u ita u 013 $a130029 040 $aSeMil$bita 100 1 $aWildiers, Norbertus Maximiliaan.$0(OLS)http://semarc/name/53137 240 10$aTeilhard de Chardin.$0(OLS)http://semarc/title/147346 245 10$aIntroduzione a Teilhard de Chardin /$cN. M. Wildiers. 260 $aMilano :$bBompiani,$c1964. 300 $a171 p.; 21 cm. 490 0 $aDelfini. Cultura ;$v4 500 $aContiene : Bibliografia. 600 14$aTeilhard de Chardin, Pierre .$0(OLS)http://semarc/subject/2657 700 1 $aConio, Caterina <1929-1996>.$0(OLS)http://semarc/name/46540 830 0$aDelfini cultura ;$v4.$0(OLS)http://semarc/title/12829 850 $aSeMil 852 $aSeMil$W1$xVenegono$y1$m2D I 215$j104637$B104637$CSeMilBibl$Z2$F113841 $81 961 $aOmaggio: Gualerni don Gualberto 996 $6245$aIntroduzione a Teilhard de Chardin$9(OLS)http://semarc/title/223246 996 $6260$aMilano :$bBompiani$9(OLS)http://semarc/publisher/29706 LEADER 01370nam a2200289 i 4500 001 000000073354 003 CaOOAMICUS 005 20090615000000.0 008 090615s1969 xxu u000 u mul u 013 $a44526 040 $aSeMil$bita 100 1 $aMore, Thomas,$c.$0(OLS)http://semarc/name/1481 245 10$aText and translation /$cThomas More ; edited by John M. Headley ; English translation by Scholastica Mandeville. 260 $aNew Haven ; London :$bYale University Press,$c1969. 300 $axiii, 711 p. :$b[1] c. di tav. :$bfacs. ;$c24 cm. 700 1 $aMandeville, Scholastica.$0(OLS)http://semarc/name/9607 700 1 $aHeadley, John M. <1929- >.$0(OLS)http://semarc/name/9606 773 0 $tComplete works of St. Thomas More.$dNew Haven ; London : Yale University Press, 1963-1997.$g5$w()1636 773 0 $aMore, Thomas $tResponsio ad Lutherum.$dNew Haven ; London : Yale University Press, 1969.$g1$w()21489 850 $aSeMil 852 $aSeMil$W1$xVenegono$y1$m2Q V 95$j39506$B39506$CSeMilBibl$Z2$F39510 $81 900 0 $aTommaso : Moro. 900 0 $aThomas : More. 996 $6245$aText and translation$9(OLS)http://semarc/title/118433 996 $6260$aNew Haven ; London :$bYale University Press$9(OLS)http://semarc/publisher/30327